| 000 | 00464nam a2200169Ia 4500 | ||
|---|---|---|---|
| 999 |
_c252 _d252 |
||
| 003 | OSt | ||
| 005 | 20210916142517.0 | ||
| 008 | 190216s9999||||xx |||||||||||||| ||und|| | ||
| 040 | _coclc | ||
| 082 |
_a297.124 _bSAD/J |
||
| 100 |
_aSsadath, Majudheen Abi _98836 |
||
| 245 | 0 |
_aJami Ul Usool / _cMajudheen Abi Ssadath |
|
| 260 | _bHilal Publications, | ||
| 300 | _a622p | ||
| 650 | _aArabic | ||
| 942 |
_cBK _2ddc _h297.124 _iSAD/J _k297.124 _mSAD/J |
||